000 00560nam a2200169 i 4500
001 bg
100 1 _aMIANOWSKI, Krzysztof Maciej
245 0 _aZarysowanie rozciąganych elementów betonowych ze zbrojeniem rozproszonym /
_cKrzysztof Maciej Mianowski ; Instytut Techniki Budowlanej.
260 _aWarszawa :
_bPWN,
_c1976.
650 9 _aKonstrukcje żelbetowe
_xmechanika
_xbadanie
710 _aInstytut Techniki Budowlanej
040 _cBPK
041 _apol
080 _a624.012.45:539.3./.5
942 _cKS
008 s pl f |000 0 pol
999 _c27537
_d27537
856 _uhttp://koha.tu.koszalin.pl/cgi-bin/koha/opac-detail.pl?biblionumber=27537
_yKatalog online BPK